Rozvíjení socialistické demokracie v ČSSR /

Uložené v:
Podrobná bibliografia
Hlavný autor: Kovařík, Jan, 1928- (Author)
Médium: Kniha
Jazyk:Czech
Vydané: Praha : Svoboda, 1980.
Vydanie:1. vyd.
ISBN: (brož.)
Fyzický popis: 89, [3] s.
Tagy: Pridať tag
Žiadne tagy, Buďte prvý kto otaguje tento záznam!

MARC

LEADER 00000nam a22000001 4500
001 000152521
005 20091214180740.0
008 950830s1980 xr e 000 0 cze d
020 |a (brož.) 
040 |a SVKKK  |b slo  |c SVKKK  |e AACR2 
041 0 |a cze 
044 |a xr  |c CZ 
100 1 |a Kovařík, Jan,  |d 1928-  |4 aut 
245 1 0 |a Rozvíjení socialistické demokracie v ČSSR /  |c Jan Kovářík. 
250 |a 1. vyd. 
260 |a Praha :  |b Svoboda,  |c 1980. 
300 |a 89, [3] s. 
366 |e 5000 výt. 
500 |a Obálka Miroslav Pechánek 
500 |a Odkazy na lit. 
910 |a svkkk 
998 |a BK 
090 |g SCKHL  |k Sklad Pribinova 2. posch.  |a II.265703  |j 636322  |i 152521-10  |s Absenčne